Cómo redactar un contrato. Redacción, cumplimiento e incumplimiento, contratos en particular.

Saved in:
Bibliographic Details
Main Author: López Díaz, Carlos (autor)
Format: Unknown
Published: Santiago, Chile: Metropolitana, 2022.
Subjects:
Tags: Add Tag
No Tags, Be the first to tag this record!

MARC

LEADER 00000 a2200000 4500
003 CL-VaPUC
005 20221121125606.0
008 220913t2022 ||||| |||| 00| 0 eng d
020 |a 978-956-286-316-2 
040 |c Pontificia Universidad Católica de Valparaíso 
082 |2 22  |a 346.83022 LOP 2022 
100 |a López Díaz, Carlos   |9 865122  |e autor 
245 |a Cómo redactar un contrato.  |b Redacción, cumplimiento e incumplimiento, contratos en particular. 
260 |a Santiago, Chile:  |b Metropolitana,  |c 2022. 
300 |a 114 páginas. 
583 |k CG  |c 20220913 
650 0 |9 420904  |a Contratos civiles  |x Aspectos teóricos y legislativos   |z Chile  
650 0 |9 420904  |a Contratos civiles  |x Redacción  
650 0 |9 420904  |a Contratos civiles  |x Consideraciones generales   |z Chile  
942 |2 ddc  |c BK 
999 |c 438702  |d 438700 
952 |0 0  |1 0  |2 ddc  |4 0  |6 346_830220000000000_LOP_2022  |7 0  |8 A  |9 586723  |a BIBDER  |b BIBDER  |c GEN  |d 2022-09-13  |e 22  |g 16000.00  |i 5654708  |l 1  |o 346.83022 LOP 2022  |p 5654708  |r 2023-01-25  |s 2022-10-06  |t 1  |v 16000.00  |w 2022-09-13  |y BK  |k DER 
952 |0 0  |1 0  |2 ddc  |4 0  |6 346_830220000000000_LOP_2022  |7 0  |8 A  |9 587830  |a BIBDER  |b BIBDER  |c GEN  |d 2022-11-18  |e 22  |g 16000.00  |i 5655697  |l 2  |o 346.83022 LOP 2022  |p 5655697  |r 2023-04-05  |s 2023-04-03  |t 2  |v 16000.00  |w 2022-11-18  |y BK  |k DER